[Event "Volta"]
[Site "http://www.queenalice.com/game.php?id=740999"]
[Date "2010.3.4"]
[Round "-"]
[White "farrapo"]
[Black "vininetto"]
[Result "0-1"]
[WhiteElo "867"]
[BlackElo "1891"]

1. h4 d5 2. f4 c5 3. Na3 Nc6 4. g3 Nf6 5. c4 e6 6. cxd5 exd5 7. e3 Be7 8. Bb5
Bd7 9. Nf3 Ne4 10. Rh2 Nxg3 11. Rh1 Nxh1 12. b3 Bxh4+ 13. Ke2 Ng3+ 14. Ke1 Ne4+
15. Kf1 Bh3+ 16. Kg1 Bf2+ 17. Kh1 Qf6 18. Nc2 Qg6 19. Bb2 Qg2# 0-1

[Event "CACAU FOI PRO PAU KKK VII"]
[Site "http://www.queenalice.com/game.php?id=741187"]
[Date "2010.3.4"]
[Round "-"]
[White "rogeriooliveira"]
[Black "farrapo"]
[Result "0-1"]
[WhiteElo "1587"]
[BlackElo "823"]

1. e4 c5 2. d4 f6 3. dxc5 h5 4. Nc3 a5 5. Nf3 e5 6. Be3 Nc6 7. Bb5 Nb4 8. O-O g5
9. Nd2 Nh6 10. Nc4 Ng4 11. h3 Nh6 12. Qd2 a4 13. a3 Na6 14. Bxa6 Rxa6 15. Rfd1
h4 16. b3 axb3 17. cxb3 Rc6 18. Na4 b5 19. Na5 Ra6 20. b4 bxa4 21. Rac1 f5 22.
exf5 Nxf5 23. Bxg5 Qc7 24. Rc3 Rg8 25. Be3 Rag6 26. g3 hxg3 27. Rf1 gxf2+ 28.
Kxf2 Rg3 29. Ke1 Nxe3 30. Rxe3 Bh6 31. Rff3 Rxf3 32. Qe2 Bxe3 33. Qxf3 Rg1+ 34.
Ke2 Rc1 35. Qxe3 Ba6+ 36. Kd2 Ra1 37. h4 Ra2+ 38. Kd1 Bf1 39. h5 Rh2 40. h6 Rxh6
41. Qxh6 Ke7 42. Qh7+ Ke6 43. Qh6+ Kd5 44. Qd6+ Qxd6 45. Nb7 Qf6 46. b5 Qf3+ 47.
Kd2 e4 48. b6 e3+ 49. Kc3 e2+ 50. Kd2 Qf4+ 51. Ke1 Qf3 52. Na5 Kxc5 53. b7 Qc3+
54. Kf2 Qd3 55. b8=Q Qf5+ 56. Ke1 Kd4 57. Qb4+ Ke3 58. Qxa4 Qf2# 0-1

[Event "Challenge"]
[Site "http://www.queenalice.com/game.php?id=741832"]
[Date "2010.3.6"]
[Round "-"]
[White "kayaman"]
[Black "farrapo"]
[Result "1-0"]
[WhiteElo "1090"]
[BlackElo "1100"]

1. e4 b5 2. Bxb5 c5 3. c4 Bb7 4. d3 f6 5. Bf4 e6 6. Qh5+ Ke7 7. Nc3 g6 8. Qxc5+
Ke8 9. Bd6 Bxd6 10. Qxd6 e5 11. Nf3 Qa5 12. O-O Qd8 13. Qa3 1-0

[Event "vininetto"]
[Site "http://www.queenalice.com/game.php?id=782078"]
[Date "2010.5.28"]
[Round "2"]
[White "lichs_i"]
[Black "farrapo"]
[Result "1-0"]
[WhiteElo "1578"]
[BlackElo "867"]

1. e4 e5 2. Nf3 Nc6 3. Bb5 Nb4 4. Nxe5 Nf6 5. a3 Nxc2+ 6. Qxc2 a6 7. Bc4 b5 8.
Nxf7 Qe7 9. Nxh8 Nxe4 10. Bf7+ Kd8 11. O-O Bb7 12. Re1 a5 13. Nc3 Ra6 14. Nxe4
Bxe4 15. Rxe4 Re6 16. Bxe6 dxe6 17. d4 b4 18. Re5 Qd7 19. Bg5+ Ke8 20. Rae1 bxa3
21. Rxe6+ Be7 22. Rxe7+ Kf8 23. Rxd7 Kg8 24. Re8# 1-0

[Event "Challenge"]
[Site "http://www.queenalice.com/game.php?id=800724"]
[Date "2010.7.9"]
[Round "-"]
[White "tonycap"]
[Black "farrapo"]
[Result "1-0"]
[WhiteElo "1017"]
[BlackElo "867"]

1. e4 e5 2. Nf3 Bd6 3. d4 exd4 4. Qxd4 Nc6 5. Qe3 Nb4 6. c3 Nc2+ 7. Kd1 Nxe3+ 8.
Bxe3 Qe7 9. Ng5 h6 10. Nd2 hxg5 11. a4 Qe6 12. Bxg5 Qg4+ 13. f3 Qxg5 14. g3 Bc5
15. f4 Qg4+ 16. Kc2 Rh6 17. f5 Rd6 18. Bc4 Qg5 19. Nf3 Qe3 20. Ne5 Rd2+ 21. Kb3
Nf6 22. Bxf7+ Kd8 23. h4 Nd5 24. Bxd5 a5 25. Nc4 Qh6 26. Ne5 Qb6+ 27. Ka2 1-0

[Event "GLT-608"]
[Site "http://www.queenalice.com/game.php?id=850586"]
[Date "2010.10.25"]
[Round "-"]
[White "gustavobelczak"]
[Black "farrapo"]
[Result "1-0"]
[WhiteElo "1499"]
[BlackElo "816"]

1. e4 e5 2. Nf3 Nc6 3. Bc4 Nf6 4. Ng5 Qe7 5. Bxf7+ Kd8 6. Bc4 Nd4 7. Nf7+ Ke8 8.
Nxh8 d5 9. exd5 Bg4 10. f3 Bf5 11. Na3 g6 12. c3 Bg7 13. O-O Kd8 14. cxd4 Bxh8
15. Nb5 Qb4 16. d3 a5 17. dxe5 Qc5+ 18. Rf2 Nd7 19. e6 Ne5 20. h3 Bf6 21. g4
Bxd3 22. Bxd3 Bh4 23. Qe2 Bf6 24. g5 Be7 25. Qxe5 Bf8 26. Be3 Qe7 27. Rc1 Bg7
28. Qxc7+ Ke8 29. Nd6+ Kf8 30. Qc8+ Qd8 31. Qxd8+ Rxd8 32. Bc5 Be5 33. Nf7+ Kg7
34. Nxd8 h6 35. e7 Bf4 36. Re1 Bxg5 37. e8=Q h5 38. Qxg6+ Kh8 39. Re8# 1-0

[Event "GLT-508"]
[Site "http://www.queenalice.com/game.php?id=850994"]
[Date "2010.10.26"]
[Round "-"]
[White "edulemes"]
[Black "farrapo"]
[Result "1-0"]
[WhiteElo "1921"]
[BlackElo "823"]

1. e4 Nf6 2. d3 b5 3. e5 Nd5 4. c4 bxc4 5. dxc4 Nb4 6. Qd2 e6 7. Nf3 c5 8. Na3
h5 9. Be2 h4 10. Ng5 Be7 11. f4 h3 12. gxh3 Bb7 13. O-O Rxh3 14. Nxh3 Bh4 15. f5
Qc8 16. f6 Qc6 17. Bf3 Qc7 18. fxg7 Qxe5 19. Qf4 Qxg7+ 20. Kh1 Qf6 21. Bxb7 Qxf4
22. Rxf4 Be7 23. Bxa8 Nd3 24. Rg4 Bd6 25. Rg8+ Bf8 26. Bh6 Ke7 27. Bxf8+ Kd8 28.
Bd6# 1-0

[Event "GLT-908"]
[Site "http://www.queenalice.com/game.php?id=859271"]
[Date "2010.11.15"]
[Round "-"]
[White "z3r0vulc4n"]
[Black "farrapo"]
[Result "1-0"]
[WhiteElo "1614"]
[BlackElo "831"]

1. e4 c5 2. d3 g5 3. Bxg5 Qa5+ 4. Bd2 Qb5 5. d4 Qxb2 6. Nc3 Qb4 7. Nd5 Qxd4 8.
Nc7+ Kd8 9. Nxa8 Qxe4+ 10. Qe2 Qxc2 11. Qe5 Bg7 12. Qc7+ Ke8 13. Qxc8# 1-0

[Event "GLT-1208"]
[Site "http://www.queenalice.com/game.php?id=861489"]
[Date "2010.11.20"]
[Round "-"]
[White "vininetto"]
[Black "farrapo"]
[Result "1-0"]
[WhiteElo "2004"]
[BlackElo "816"]

1. d4 d5 2. c4 c6 3. Nc3 Qa5 4. Bd2 Nf6 5. Nf3 dxc4 6. e4 Bg4 7. Nd5 Qd8 8.
Nxf6+ gxf6 9. Be2 Qd6 10. Bc3 Bh6 11. O-O Rg8 12. g3 Bh3 13. Re1 Qe6 14. Qc2 a5
15. Rad1 Bf4 16. d5 cxd5 17. exd5 Qd6 18. Qxh7 Kf8 19. Qxh3 Qc5 20. Bd4 Qc7 21.
Bf1 1-0

[Event "GLT-809"]
[Site "http://www.queenalice.com/game.php?id=945955"]
[Date "2011.6.4"]
[Round "-"]
[White "farrapo"]
[Black "z3r0vulc4n"]
[Result "0-1"]
[WhiteElo "816"]
[BlackElo "1614"]

1. g4 e5 2. e4 Nc6 3. Bb5 Nd4 4. Bc4 Nf6 5. Bd3 d6 6. Nc3 Bxg4 7. f3 Be6 8. a4
Be7 9. Ra3 d5 10. b4 Bxb4 11. Bb2 Bxa3 0-1